Economic maturity of the Slovak Republic in the context of insurance market`s development

Analýza ekonomickej vyspelosti a jej korelácie s rastom poistného trhu.

Uložené v:
Podrobná bibliografia
Hlavný autor: Širá, Elena
Ďalší autori: Pukala, Ryszard
Médium: Kapitola
Jazyk:English
Predmet:
Tagy: Pridať tag
Žiadne tagy, Buďte prvý, kto otaguje tento záznam!

MARC

LEADER 00000naa a2200000 4500
001 0214763
005 20220718122833.1
041 0 |a eng 
044 |a SK 
245 1 0 |a Economic maturity of the Slovak Republic in the context of insurance market`s development  |c Elena Širá, Ryszard Pukala 
520 |a Analýza ekonomickej vyspelosti a jej korelácie s rastom poistného trhu. 
610 2 0 |a trh poistný 
610 2 0 |a situácia hospodárska 
610 2 0 |a analýza ekonomická 
610 2 0 |a Slovensko 
610 2 0 |a produkt domáci hrubý 
100 1 |a Širá, Elena 
700 1 |a Pukala, Ryszard